01230nab a22002177a 4500999001500000003000400015005001700019008004100036040000700077100002600084245010700110260007200217300001300289500003900302505037700341505008900718650002600807650002200833773014400855942001300999 c5976d5976OSt20260114160117.0190605e xxu||||| |||| 00| 0 spa d cPJ 96237aZanoni, Melissa10aPasantías : buna buena forma de desarrollar relaciones laborales internacionales /cMelissa Zanoni. aCiudad Autónoma de Buenos Aires :bThomson Reuters La Ley,c2022. ap. 42-47 aCita: TR LALEY AR/DOC/2438/2022.  aSumario: I. Introducción.— II. Beneficios de realizar pasantías internacionales.— III. Las pasantías en Argentina: beneficios y desventajas.— IV. Las prácticas no laborales en España.— V. Autorización de residencia para realizar prácticas en España de la disposición adicional 18ª de la ley 14/2013.— VI. Conclusión.— VII. Bibliografía.  t¿Te interesa el texto completo? Solicitalo al correo: koha@justierradelfuego.gov.ar 091316aDERECHO LABORAL 096807aPASANTÍAS0 0271193168dCiudad Autónoma de Buenos Aires : Thomson Reuters La Ley, 1999-2002.tRevista de derecho del trabajo. Nº 5 - Septiembre 2022 2udccANA